000 00468nam a2200169Ia 4500
999 _c27819
_d27819
003 OSt
005 20201223115107.0
008 190216s9999||||xx |||||||||||||| ||und||
040 _coclc
082 _a894.8128
_bSUR/E
100 _aSurendran, P
_9540
245 0 _aE M S Prabhavam /
_cP Surendran
260 _bAreena Books,
_aMalappuram:
_c1998.
300 _a160p
650 _aPadanam
942 _cBK
_2ddc
_h894.8128
_iSUR/E
_k894.8128
_mSUR/E